Applied Partial Differential Equations; (Record no. 6314)

MARC details
000 -LEADER
fixed length control field 00531nam a22001937a 4500
003 - CONTROL NUMBER IDENTIFIER
control field OSt
005 - DATE AND TIME OF LATEST TRANSACTION
control field 20190916104520.0
008 - FIXED-LENGTH DATA ELEMENTS--GENERAL INFORMATION
fixed length control field 190916b ||||| |||| 00| 0 eng d
020 ## - INTERNATIONAL STANDARD BOOK NUMBER
International Standard Book Number 0486419762
040 ## - CATALOGING SOURCE
Transcribing agency DDC.
082 ## - DEWEY DECIMAL CLASSIFICATION NUMBER
Classification number 515.353 DUC 2002.
100 ## - MAIN ENTRY--PERSONAL NAME
Personal name Duchateau,Paul;Zachmann,David;
9 (RLIN) 12936
245 ## - TITLE STATEMENT
Title Applied Partial Differential Equations;
260 ## - PUBLICATION, DISTRIBUTION, ETC. (IMPRINT)
Place of publication, distribution, etc. USA,
Name of publisher, distributor, etc. Dover public ations,inc.
Date of publication, distribution, etc. 2002.
300 ## - PHYSICAL DESCRIPTION
Extent xiv,620p;
Other physical details ill,
Dimensions 25cm.
504 ## - BIBLIOGRAPHY, ETC. NOTE
Bibliography, etc includes index.
650 ## - SUBJECT ADDED ENTRY--TOPICAL TERM
Topical term or geographic name as entry element Mathematics.
9 (RLIN) 810
942 ## - ADDED ENTRY ELEMENTS (KOHA)
Source of classification or shelving scheme Dewey Decimal Classification
Koha item type Open Shelf
Holdings
Withdrawn status Lost status Source of classification or shelving scheme Damaged status Not for loan Home library Current library Date acquired Source of acquisition Inventory number Total Checkouts Full call number Barcode Date last seen Price effective from Koha item type
    Dewey Decimal Classification     MUST Main Library MUST Main Library 16/09/2019 Purchase 06/28008   515.353 DUC 2002. 2019-0429 16/09/2019 16/09/2019 Open Shelf
    Dewey Decimal Classification     MUST Main Library MUST Main Library 21/10/2024 Purchase 06/28007   515.353 DUC 2002. 2024-22517 21/10/2024 21/10/2024 Book Bank
    Dewey Decimal Classification     MUST Main Library MUST Main Library 21/10/2024 Purchase 05/24523   515.353 DUC 2002. 2024-22518 21/10/2024 21/10/2024 Book Bank